Animal commençant par la lettre F - Statistiques

Statistiques générales
  • Ce quiz a été pris 125 fois
  • Le résultat moyen est 4 sur 9
Statistiques - réponses
Type de quiz Animal % Correct
Insecte Fourmi
89%
Mammifère Faon
72%
Oiseau Faucon
55%
Oiseau Faisan
47%
Mammifère Furet
35%
Mammifère Fouine
29%
Insecte Frelon
27%
Oiseau Flamant Rose
25%
Oiseau Fauvette
20%
Aucun quiz correspondant
Distribution des résultats
% des personnes avec chaque résultat
Percentile par nombre de réponses
Votre historique - résultats
Vous n’avez pas pris ce quiz